000 00441nam a22001577a 4500
999 _c1794
_d1794
008 200204b ||||| |||| 00| 0 eng d
082 0 0 _a621.19
_bM4381
100 _9135
_aMatthews, F. J.
245 1 0 _aBoiler feed water treatment
_cby F J Matthews
250 _a3rd
260 _aMatthews,
_bHutchinson's Scientific and technical Publication
_c1948
300 _a207p.
365 _d14.07
650 0 _aFeed- Water Purification
942 _cBK